Statistics for FIFA 16 Best Team By League

Click here to take the quiz!

General Stats

  • This quiz has been taken 94 times
  • The average score is 15 of 36

Answer Stats

Nation and LeagueTop Team% Correct
Argentina PrimeraBoca Juniors
88%
England Barclays Premier LeagueChelsea
86%
Germany BundesligaBayern Munich
84%
France Ligue 1Paris St. Germain
84%
Italy Serie A TIMJuventus
81%
Spain Liga BBVAFC Barcelona
78%
Men's National TeamsGermany
70%
Scottish PremiershipCeltic
68%
Holland/Netherlands EredivisiePSV Eindhoven
68%
Austria BundesligaRed Bull Salzburg
68%
Portugal Liga NOSFC Porto
66%
Belgium Pro LeagueRSC Anderlecht
66%
Women's National TeamsUnited States
66%
Russian Premier LeagueZenit St. Petersburg
62%
Turkish Super LigGalatasaray
61%
United States Major League SoccerLA Galaxy
61%
Switzerland Raffeisen SLFC Basel
51%
Denmark Alka SuperligaFC Copenhagen
45%
Poland EkstraklasaLegia Warsaw
42%
Sweden AllsvenskanMalmo FF
39%
Chile Camp. ScotiabankColo-Colo
35%
Mexico Liga Bancomer MXAmerica
32%
Saudi Arabia ALJ LeagueAl-Hilal
19%
Rest of WorldFC Shakhtar
19%
England Football League ChampionshipFulham
19%
Norway TippeligaenMolde FK
18%
Australia Hyundai A-LeagueMelbourne City
15%
England Football League 1Wigan Athletic
11%
England Football League 2Portsmouth
9%
Italy Serie BCagliari
8%
Colombia Liga DimayorAtl Nacional
5%
South Korea K League ClassicJeonbuk FC
5%
France Ligue 2FC Sochaux
4%
Spain Liga AdelanteReal Zaragoza
3%
Ireland SSE Airtricity LeagueSt Patricks
3%
Germany Bundesliga 21. FC Nuremburg
1%

Score Distribution

Percentile by Number Answered

Percent of People with Each Score

Your Score History

You have not taken this quiz